000
00379nam a2200145Ia 4500
008
100204s9999 xx 000 0 und d
082
_b
795
100
_a
मधुकर
245
_a
रिंगण
260
_b
"मेनका प्रकाशन , पुणे"
_c
1965
300
_a
176
630
_a
रिंगण
730
_a
रिंगण
942
_c
BOOK
999
_c
445990
_d
445987